|
|
|
|
| LEADER |
01060nam a2200313 a 4500 |
| 001 |
EBC588083 |
| 003 |
MiAaPQ |
| 005 |
20200520144314.0 |
| 006 |
m o d | |
| 007 |
cr cn||||||||| |
| 008 |
101004s2010 ii a s 000 0 eng d |
| 020 |
|
|
|z 9788184886085
|
| 035 |
|
|
|a (MiAaPQ)EBC588083
|
| 035 |
|
|
|a (Au-PeEL)EBL588083
|
| 035 |
|
|
|a (CaPaEBR)ebr10416029
|
| 035 |
|
|
|a (OCoLC)700691282
|
| 040 |
|
|
|a MiAaPQ
|c MiAaPQ
|d MiAaPQ
|
| 050 |
|
4 |
|a HF5438.25
|b .K38 2010
|
| 100 |
1 |
|
|a Kati, Sumit.
|
| 245 |
1 |
0 |
|a Retail selling skills
|h [electronic resource] /
|c Sumit Kati.
|
| 250 |
|
|
|a 1st ed.
|
| 260 |
|
|
|a Mumbai [India] :
|b Himalaya Pub. House,
|c 2010.
|
| 300 |
|
|
|a 160 p. :
|b ill.
|
| 533 |
|
|
|a Electronic reproduction. Ann Arbor, MI : ProQuest, 2015. Available via World Wide Web. Access may be limited to ProQuest affiliated libraries.
|
| 650 |
|
0 |
|a Selling.
|
| 650 |
|
0 |
|a Retail trade.
|
| 655 |
|
4 |
|a Electronic books.
|
| 710 |
2 |
|
|a ProQuest (Firm)
|
| 856 |
4 |
0 |
|u https://ebookcentral.proquest.com/lib/matrademy/detail.action?docID=588083
|z Click to View
|